000 00500nam a2200181Ia 4500
005 20250326123701.0
008 250326s9999 xx 000 0 und d
037 _aTextbook
040 _aFMSL
_beng
_cFMSL
041 _aeng
_2eng
084 _aX8(A):81 M5
_qFMSL
100 _aIIP
_9735795
245 0 _aGuide to industries policies & procedures
_cIIP
260 _aDelhi
_bDelhi, India Investment
_c1985
300 _a270p
942 _cTB
_hX8(A):81 M5
999 _c1270484
_d1270484